000 01401nam a2200253Ia 4500
999 _c36761
_d36761
001 2700
003 GE_BSU
005 20190605200033.0
008 181216s2011||||ge |||||||||||||| ||geo||
020 _a9789941200083
040 _cGE_BSU
041 _ageo
080 _a271.222(479.22)
100 _aჯაფარიძე, ანანია მიტროპოლიტი
_92177
245 _aსაეპისკოპოსოები ლაზიკაში :
_bეძღვნება სრ. საქ. კათოლიკოს-პატრიარქს ილია II-ს /
_cმიტროპოლიტი ანანია ჯაფარიძე ; სამეცნ. რედ. ი. გორგიძე.
264 _aთბილისი :
_bტექნ. უნ-ტი
_c2011.
300 _a863 გვ.;
_b29 სმ.
653 _a საეპისკოპოსოები საქართველოში
653 _aქართული მართლმადიდებლური ეკლესიის ისტორია
653 _aსაქართველოს კათოლიკოს-პატრიარქები
700 _aგორგიძე, ი.
_eრედაქტორი
_92178
710 _aსაქ, ტექნიკური უნივერსიტეტი
_92191
942 _cBK
_2udc